Las tareas de educar en 0-6 años: didáctica aplicable
I tiakina i:
| Kaituhi matua: | |
|---|---|
| Hōputu: | Pukapuka |
| Reo: | Pāniora |
| I whakaputaina: |
Madrid
CEPE
2002
|
| Rangatū: | Colección Propuestas Curriculares
|
| Ngā marau: | |
| Ngā Tūtohu: |
Tāpirihia he Tūtohu
Kāore He Tūtohu, Me noho koe te mea tuatahi ki te tūtohu i tēnei pūkete!
|
MARC
| LEADER | 00000nam a2200000 a 4500 | ||
|---|---|---|---|
| 001 | UCL9487 | ||
| 003 | CL-VaPUC | ||
| 008 | 040813e20020000SP |||||||||||||||||spa|d | ||
| 020 | |a 8478693947 | ||
| 020 | |a 8478693955v.1 | ||
| 082 | 0 | 4 | |a 372.21 |b PER |2 21 |
| 100 | 0 | |a Pérez Montero, Carmen |e author |9 487318 | |
| 245 | 1 | 4 | |a Las tareas de educar en 0-6 años: didáctica aplicable |
| 300 | |a v | ||
| 942 | |c BK | ||
| 945 | |d 20040813 00:00:00 |a cmena | ||
| 260 | |a Madrid |b CEPE |c 2002 | ||
| 650 | 0 | |a Educación preescolar |9 260381 | |
| 650 | 0 | |a Psicología educacional |9 307830 | |
| 650 | 0 | |a Planificación del currículo |9 269599 | |
| 650 | 0 | |a Filosofía de la educación |9 258384 | |
| 650 | 0 | |a Rol del docente |9 329733 | |
| 650 | 0 | |a Métodos de enseñanza |9 270413 | |
| 650 | 0 | |a Innovaciones pedagógicas |9 307471 | |
| 583 | |a last modification |c 20040813 00:00:00 |k Rodrigo Vera | ||
| 490 | 0 | |a Colección Propuestas Curriculares | |
| 999 | |c 310253 |d 310251 | ||
| 952 | |0 0 |1 0 |4 0 |6 372_210000000000000_PER_2002 |7 0 |8 A |9 378535 |a BIBEDU |b BIBEDU |d 2019-11-21 |h v.1 |i 4047931 |l 1 |o 372.21 PER 2002 |p 4047931 |r 2024-04-17 |s 2024-04-17 |w 2019-11-21 |y BK |k EPE | ||
| 952 | |0 0 |1 0 |4 0 |6 372_210000000000000_PER_2002 |7 0 |8 A |9 378536 |a BIBEDU |b BIBEDU |d 2019-11-21 |h v.2 |i 404794K |l 1 |o 372.21 PER 2002 |p 404794K |r 2024-04-17 |s 2024-04-17 |w 2019-11-21 |y BK |k EPE | ||